| 000 | 00393nam a2200169Ia 4500 | ||
|---|---|---|---|
| 008 | 230524s9999 xx 000 0 und d | ||
| 020 | _a8188429384 | ||
| 082 |
_a401 _bLAK |
||
| 100 | _aK.R.Lakshminarayanan | ||
| 245 | 4 | _aThe Communicating Art | |
| 250 | _a1ST | ||
| 260 |
_aCHENNAI _bScitech _c2004 |
||
| 300 | _a226 | ||
| 500 | _aQuantity Number: 2 | ||
| 650 | _aEnglish | ||
| 942 | _cBK | ||
| 999 |
_c25242 _d25242 |
||